Detalles MARC
| 000 -CABECERA |
| Longitud fija campo de control |
01925nam a2200457 c 4500 |
| 001 - NÚMERO DE CONTROL |
| Número de control |
17895 |
| 003 - IDENTIFICADOR DE NÚMERO DE CONTROL |
| Identificador del número de control |
ES-MaCES |
| 005 - FECHA Y HORA DE LA ÚLTIMA TRANSACCIÓN |
| Fecha y hora de la última transacción |
20141221122518.0 |
| 008 - CAMPO FIJO DE DESCRIPCIÓN FIJA--INFORMACIÓN GENERAL |
| Códigos de información de longitud fija |
050816s2005 sp bd t o000 | spa d |
| 017 ## - NÚMERO DE REGISTRO DE DERECHOS DE AUTOR Y DEPÓSITO LEGAL |
| Número de copyright o de depósito legal |
S 906-2005 |
| Agencia que asigna el número |
DL |
| 017 ## - NÚMERO DE REGISTRO DE DERECHOS DE AUTOR Y DEPÓSITO LEGAL |
| Número de copyright o de depósito legal |
S 977-2005 |
| Agencia que asigna el número |
DL |
| 020 ## - ISBN (INTERNATIONAL STANDARD BOOK NUMBER) |
| Número Internacional Normalizado para Libros (ISBN) |
8495308258 |
| 035 ## - NÚMERO DE CONTROL DEL SISTEMA |
| Número de control del sistema |
CES20050009087m |
| 040 ## - FUENTE DE CATALOGACIÓN |
| Centro catalogador de origen |
ES-MaCES |
| Lengua de catalogación |
spa |
| Centro transcriptor |
ES-MaCES |
| 245 00 - MENCIÓN DE TÍTULO |
| Título |
Situación económica y social de Castilla y León en 2004 |
| Mención de responsabilidad, etc. |
Consejo Económico y Social, Comunidad de Castilla y León |
| 260 ## - PUBLICACIÓN, DISTRIBUCIÓN, ETC (PIE DE IMPRENTA) |
| Lugar de publicación, distribución, etc. |
Valladolid |
| Nombre del editor, distribuidor, etc. |
CES |
| Fecha de publicación, distribución, etc. |
[2005] |
| 300 ## - DESCRIPCIÓN FÍSICA |
| Extensión |
2 v. (645, 118 p.) |
| Otras características físicas |
gráf., mapas, col. |
| Dimensiones |
24 cm |
| 500 ## - NOTA GENERAL |
| Nota general |
Aprobado en la Sesión Plenaria del Consejo Económico y Social de 27 de junio de 2005 |
| 500 ## - NOTA GENERAL |
| Nota general |
Índices |
| 505 0# - NOTA DE CONTENIDO FORMATEADA |
| Nota de contenido con formato |
t. I: La Economía de Castilla y León, el mercado laboral en Castilla y León, calidad de vida y protección social -- t. II: Conclusiones y recomendaciones |
| 541 ## - NOTA DE LA FUENTE INMEDIANTE DE ADQUISICIÓN |
| Forma de adquisición |
Gratuito |
| 650 #4 - ASIENTO SECUNDARIO DE MATERIA--TÉRMINO DE MATERIA |
| Término de materia o nombre geográfico como elemento inicial |
condiciones económicas |
| 9 (RLIN) |
27081 |
| 650 #4 - ASIENTO SECUNDARIO DE MATERIA--TÉRMINO DE MATERIA |
| Término de materia o nombre geográfico como elemento inicial |
condiciones sociales |
| 9 (RLIN) |
30469 |
| 650 #4 - ASIENTO SECUNDARIO DE MATERIA--TÉRMINO DE MATERIA |
| Término de materia o nombre geográfico como elemento inicial |
mercado de trabajo |
| 9 (RLIN) |
28292 |
| 650 #4 - ASIENTO SECUNDARIO DE MATERIA--TÉRMINO DE MATERIA |
| Término de materia o nombre geográfico como elemento inicial |
calidad de la vida |
| 9 (RLIN) |
29237 |
| 650 #4 - ASIENTO SECUNDARIO DE MATERIA--TÉRMINO DE MATERIA |
| Término de materia o nombre geográfico como elemento inicial |
protección social |
| 9 (RLIN) |
29076 |
| 650 #4 - ASIENTO SECUNDARIO DE MATERIA--TÉRMINO DE MATERIA |
| Término de materia o nombre geográfico como elemento inicial |
repertorio de recomendaciones prácticas |
| 9 (RLIN) |
29261 |
| 650 #4 - ASIENTO SECUNDARIO DE MATERIA--TÉRMINO DE MATERIA |
| Término de materia o nombre geográfico como elemento inicial |
Castilla y León |
| 9 (RLIN) |
30782 |
| 650 #4 - ASIENTO SECUNDARIO DE MATERIA--TÉRMINO DE MATERIA |
| Término de materia o nombre geográfico como elemento inicial |
2004 |
| 9 (RLIN) |
31739 |
| 650 #4 - ASIENTO SECUNDARIO DE MATERIA--TÉRMINO DE MATERIA |
| Término de materia o nombre geográfico como elemento inicial |
informe |
| 9 (RLIN) |
28986 |
| 650 #4 - ASIENTO SECUNDARIO DE MATERIA--TÉRMINO DE MATERIA |
| Término de materia o nombre geográfico como elemento inicial |
cuadros estadísticos |
| 9 (RLIN) |
28890 |
| 653 10 - TÉRMINO DE INDEXACIÓN--NO CONTROLADO |
| Término no controlado |
Condiciones económicas |
| 710 2# - ENCABEZAMIENTO SECUNDARIO--NOMBRE CORPORATIVO |
| Nombre de entidad o nombre de jurisdicción como elemento inicial |
Consejo Económico y Social (Castilla y León) |
| 9 (RLIN) |
2405 |
| 740 32 - ENCABEZAMIENTO SECUNDARIO--TÍTULO ANALÍTICO/RELACIONADO NO CONTROLADO |
| Título relacionado o analítico no controlado |
La economía de Castilla y León, el mercado laboral en Castilla y León, calidad de vida y protección social |
| 740 02 - ENCABEZAMIENTO SECUNDARIO--TÍTULO ANALÍTICO/RELACIONADO NO CONTROLADO |
| Título relacionado o analítico no controlado |
Conclusiones y recomendaciones |
| 787 0# - ENTRADA DE OTRAS ESPECIFICACIONES |
| Título |
Situación económica y social de Castilla y León en 2005 |
| Número de control del registro relacionado |
(ES-MaCES)19162 |
| 787 0# - ENTRADA DE OTRAS ESPECIFICACIONES |
| Título |
Informe sobre la situación económica y social de Castilla y León en 2003 |
| Número de control del registro relacionado |
(ES-MaCES)17577 |
| 902 ## - CES. TIPO DE DOCUMENTO |
| Tipodoc (006$c Sirtex) |
LIB Libro |
| 942 ## - ELEMENTOS KOHA |
| Fuente de clasificaión o esquema |
Clasificación propia del CES |
| Koha [por defecto] tipo de item |
Monografías |
| Parte de clasificación |
0.0. |